000 00518nam a2200193Ia 4500
005 20250326124451.0
008 250326s9999 xx 000 0 und d
037 _aTextbook
040 _aFMSL
_beng
_cFMSL
041 _aeng
_2eng
084 _aX:8 K6
_qFMSL
100 _aMclarney W J
_9737453
245 0 _aManagement training: cases and principles
_cMclarney W J
250 _a4
260 _aUSA
_bUSA, Richard D Irwin
_c1964
300 _a660p
942 _cTB
_hX:8 K6
999 _c1273825
_d1273825